[Event "Oberliga NRW 8889 II"]
[Site "Germany"]
[Date "1988.??.??"]
[Round "4"]
[White "Meller, B."]
[Black "Bade, Heinz Willi"]
[Result "1-0"]
[WhiteElo "1910"]
[BlackElo "2085"]
[PlyCount "67"]
[EventDate "1988.10.??"]
[EventType "team"]
[EventRounds "9"]
[EventCountry "GER"]
[SourceTitle "EXT 1997"]
[Source "ChessBase"]
[SourceDate "1996.11.15"]
[SourceVersion "1"]
[SourceVersionDate "1996.11.15"]
[SourceQuality "1"]
[WhiteTeam "Frechen"]
[BlackTeam "Elberfeld"]
[WhiteTeamCountry "GER"]
[BlackTeamCountry "GER"]

1. c4 Nf6 2. Nc3 g6 3. g3 Bg7 4. Bg2 d6 5. d4 0-0 6. Nf3 Nbd7 7. 0-0 e5 8. dxe5 dxe5 9. e4 c6 10. Qe2 Qe7 11. Rb1 Ne8 12. b4 Nc7 13. Bg5 f6 14. Be3 Ne6 15. c5 f5 16. Qc4 Kh8 17. Rbd1 f4 18. Bc1 Nd4 19. Na4 b5 20. cxb6 axb6 21. Nxd4 exd4 22. Qxc6 Ba6 23. b5 Ne5 24. Qd5 Bb7 25. Qb3 Rxa4 26. Qxa4 f3 27. Ba3 Qe6 28. Bxf8 Bxf8 29. Bh1 Qh3 30. Qxd4 Qe6 31. Bxf3 Bc5 32. Qd8+ Kg7 33. Bg2 h5 34. Qc7+ 1-0

[Event "Oberliga NRW 8788 II"]
[Site "Germany"]
[Date "1988.??.??"]
[Round "7"]
[White "Meller, B."]
[Black "Friedrich, U."]
[Result "0-1"]
[WhiteElo "1900"]
[BlackElo "2005"]
[PlyCount "54"]
[EventDate "1987.10.??"]
[EventType "team"]
[EventRounds "9"]
[EventCountry "GER"]
[SourceTitle "EXT 1997"]
[Source "ChessBase"]
[SourceDate "1996.11.15"]
[SourceVersion "1"]
[SourceVersionDate "1996.11.15"]
[SourceQuality "1"]
[WhiteTeam "Frechen"]
[BlackTeam "Neuenkirchen"]
[WhiteTeamCountry "GER"]
[BlackTeamCountry "GER"]

1. c4 g6 2. Nc3 c5 3. g3 Bg7 4. Bg2 Nc6 5. Nf3 e5 6. d3 Nge7 7. Bg5 h6 8. Bd2 d6 9. 0-0 0-0 10. e4 f5 11. Nd5 f4 12. gxf4 Bg4 13. Qc1 exf4 14. Bc3 Bxc3 15. bxc3 Bxf3 16. Bxf3 Ne5 17. Qd1 N7c6 18. Kh1 Qh4 19. Rg1 Qxf2 20. Bh5 Kh7 21. Rf1 Qh4 22. Bf3 Rf7 23. Rb1 b6 24. Rb2 Raf8 25. Rbf2 Nxf3 26. Rxf3 Ne5 27. R3f2 Ng4 0-1